|
|
|
|
| LEADER |
00000nam0a2200000 4500 |
| 001 |
366307 |
| 005 |
20231102011853.0 |
| 035 |
|
|
|a (RuTPU)RU\TPU\retro\23670
|
| 035 |
|
|
|a RU\TPU\retro\23668
|
| 090 |
|
|
|a 366307
|
| 100 |
|
|
|a 20220204d1981 km y0rusy50 ca
|
| 101 |
1 |
|
|a eng
|c rus
|
| 102 |
|
|
|a RU
|
| 105 |
|
|
|a a z 000zy
|
| 200 |
1 |
|
|a Площади и логарифмы
|d Areas and logarithms
|f А. И. Маркушевич
|
| 210 |
|
|
|a Москва
|c Мир
|d 1981
|
| 215 |
|
|
|a 70 с.
|c ил.
|
| 225 |
1 |
|
|a Популярные лекции по математике
|d Little mathematics library
|
| 300 |
|
|
|a На английском языке
|
| 454 |
|
1 |
|0 (RuTPU)RU\TPU\retro\23668
|t Площади и логарифмы
|f А. И. Маркушевич
|e 2-е изд., испр. и доп.
|c Москва
|n Наука
|d 1979
|p 64 с.
|s Популярные лекции по математике ; Вып. 9
|a Маркушевич, Алексей Иванович
|
| 510 |
1 |
|
|a Areas and logarithms
|z eng
|
| 606 |
1 |
|
|a Логарифмы
|x Таблицы
|2 stltpush
|3 (RuTPU)RU\TPU\subj\40550
|9 60395
|
| 610 |
1 |
|
|a логарифмы
|
| 610 |
1 |
|
|a площади
|
| 610 |
1 |
|
|a геометрическая теория
|
| 610 |
1 |
|
|a интегральное исчисление
|
| 610 |
1 |
|
|a английский язык
|
| 675 |
|
|
|a 519.662
|v 4
|
| 700 |
|
1 |
|a Маркушевич
|b А. И.
|g Алексей Иванович
|
| 801 |
|
1 |
|a RU
|b 63413507
|c 20220204
|
| 801 |
|
2 |
|a RU
|b 63413507
|c 20220204
|g RCR
|
| 942 |
|
|
|c BK
|